Paroles - Calojira - Ultra Vomit - Statistiques

Statistiques générales
  • Ce quiz a été pris 46 fois
  • Le résultat moyen est 47 sur 63
Statistiques - réponses
Paroles % Correct
à
100%
à
100%
Face
100%
face
100%
Face
100%
Face
100%
Face
100%
Face
100%
la
100%
la
100%
me
100%
me
100%
mourir.
97%
mourir.
97%
Terre
97%
Terre.
97%
contre
95%
contre
95%
j'aurais
95%
j'aurais
95%
j'aurais
95%
J'aurais
95%
Je
92%
Je
92%
Je
92%
Je
92%
dernier
89%
dernier
89%
89%
89%
mer
86%
mer
86%
mon
86%
mon
86%
pu
86%
pu
86%
relève.
81%
relève.
81%
prends
76%
prends
76%
grandir.
73%
grandir.
73%
rêve.
70%
rêve.
70%
the
65%
the
65%
to
65%
I
59%
I
59%
should
54%
have
41%
have
41%
oceans
41%
die.
35%
My
35%
could
30%
Earth
30%
up.
30%
against
24%
been
16%
growing
16%
(Ho ho)
5%
(Ho ho)
5%
Aucun quiz correspondant
Distribution des résultats
% des personnes avec chaque résultat
Percentile par nombre de réponses
Votre historique - résultats
Vous n’avez pas pris ce quiz